Statistics for Largest American Cities by Letter

Click here to take the quiz!

General Stats

  • This quiz has been taken 420 times
    (316 since last reset)
  • The average score is 20 of 26

Answer Stats

LetterCityPop.Country% Correct
CChicago9.75United States
96%
NNew York City22.1United States
95%
BBuenos Aires16.4Argentina
94%
LLos Angeles17.7United States
94%
MMexico City23.0Mexico
94%
TToronto7.45Canada
92%
DDallas7.20United States
91%
RRio de Janeiro13.2Brazil
91%
SSao Paulo22.4Brazil
89%
VVancouver2.88Canada
89%
HHouston6.75United States
88%
PPhiladelphia7.35United States
88%
EEdmonton1.37Canada
86%
QQuito2.73Ecuador
86%
WWashington, D.C.8.55United States
86%
AAtlanta5.58United States
85%
GGuadalajara5.35Mexico
84%
IIndianapolis2.00United States
81%
JJacksonville1.45United States
76%
OOrlando3.45United States
75%
KKansas City1.99United States
74%
FFortaleza3.68Brazil
62%
YYoungstown0.42United States
20%
XXalapa0.77Mexico
13%
ZZacatecas0.38Mexico
13%
UUberlandia0.67Brazil
8%

Score Distribution

Percentile by Number Answered

Percent of People with Each Score

Your Score History

You have not taken this quiz since the last reset